Statistics for Food Quiz 1

Click here to take the quiz!

General Stats

  • This quiz has been taken 36 times
  • The average score is 7 of 8

Answer Stats

Answer% Correct
Cupcake
97%
Berry
90%
Lemon
90%
Broccoli
87%
Watermelon
87%
Gummy Bear
84%
Vegetables
74%
Cake
52%

Score Distribution

Percentile by Number Answered

Percent of People with Each Score

Your Score History

You have not taken this quiz